000
00321 a2200157 4500
001
171162
020
_a
040
_c
Magnum
100
_a
Cervantes, Miguel de
240
1
0
_a
La gitanilla
_l
ESP
245
1
0
_a
La gitanilla
362
0
_a
1899
440
1
_a
Scipione
697
_a
LITERATURA ESTRANGEIRA
942
_c
BK
999
_c
171162
_d
171162